Una explotación minera / (Record no. 45151)

MARC details
000 -LEADER
campo de control de longitud fija 00567nam a2200193 i 4500
001 - NÚMERO DE CONTROL
campo de control 45151
003 - IDENTIFICADOR DE NÚMERO DE CONTROL
campo de control ES-MaACL
005 - FECHA Y HORA DE LA ÚLTIMA TRANSACCIÓN
campo de control 20251004063105.0
007 - CAMPO FIJO DE DESCRIPCIÓN FÍSICA--INFORMACIÓN GENERAL
campo de control de longitud fija t|
008 - DATOS DE LONGITUD FIJA--INFORMACIÓN GENERAL
campo de control de longitud fija 030325s1915 sp ||||1| spa d
100 1# - ENTRADA PRINCIPAL--NOMBRE DE PERSONA
Nombre de persona Codorniu y Stárico, Ricardo,
Fechas asociadas al nombre 1846-1923
9 (RLIN) 39445
245 14 - MENCIÓN DEL TÍTULO
Título Una explotación minera /
Mención de responsabilidad, etc. R. Codorniu.
260 ## - PUBLICACIÓN, DISTRIBUCIÓN, ETC.
Lugar de publicación, distribución, etc. Murcia :
Nombre del editor, distribuidor, etc. [s.n.],
Fecha de publicación, distribución, etc. 1915 (
Fabricante Imp. "El Tiempo")
300 ## - DESCRIPCIÓN FÍSICA
Extensión 12 p. ;
Dimensiones 15 cm.
650 04 - PUNTO DE ACCESO ADICIONAL DE MATERIA--TÉRMINO DE MATERIA
Término de materia o nombre geográfico como elemento de entrada Naturaleza-
Subdivisión general Protección.
9 (RLIN) 15485
650 04 - PUNTO DE ACCESO ADICIONAL DE MATERIA--TÉRMINO DE MATERIA
Término de materia o nombre geográfico como elemento de entrada Minería.
9 (RLIN) 15054
852 ## - LOCALIZACIÓN
Ubicación ES-MaACL
Número de control de estantería T-1459-F-1
Holdings
Estatus retirado Estado de pérdida Estado de daño No para préstamo Colección Biblioteca de origen Biblioteca actual Ubicación en estantería Fecha de adquisición Fuente de adquisición Total de préstamos Signatura topográfica completa Código de barras Visto por última vez Precio de reemplazo Tipo de ítem Koha
        Colección de folletos Biblioteca del Ateneo de Madrid Biblioteca del Ateneo de Madrid Depósito folletos 17/01/2008     T-1459-F-1 1047516 23/02/2023 23/02/2023 Folleto